00464 2200181 4500245005300000020002200053250001100075100002100086700000900107700002100116650001700137005001900154260004100173041001400214084001300228300003200241336000900273 aA. S. ( Animal Sense ) 1cMaekawa, TakhesihText a978-979-27-1964-2 aCet. 1 aMaekawa, Takhesi aSari aYenny Hendrawati aKomik Jepang a20230414110740 aJakartabElex Media Komputindoc2008 aIndonesia a741.5592 a... jil. :bilus. ;c17 cm. atext